| 000 | 00389pam a2200157a 44500 | ||
|---|---|---|---|
| 008 | 230515b1993 xxu||||| |||| 00| 0 eng d | ||
| 020 | _aNULL | ||
| 041 | _aENG | ||
| 082 | _a618.2 | ||
| 100 | _aPolden M and Mantle J | ||
| 245 | _aPhysiotherapy in obstetrics and Gynaecology | ||
| 250 | _a0 | ||
| 260 |
_aNULL _b"Jaypee brothers, New Delhi, " _c1993 |
||
| 300 | _a441 | ||
| 650 | _aN.D. | ||
| 999 |
_c520542 _d520542 |
||